000 00609nam a2200241 i 4500
001 C2-0302619
003 PPAK
005 20180728083626.0
008 100203s2009 nyu |||| ||||| | eng d
020 _a9780670010950
040 _aPPAK
_beng
_cPPAK
_erda
082 0 4 _a813.54
_223
090 0 0 _a813.54
_bMAD
_dLCK
100 1 _aMadden, Kerry,
_eauthor
245 1 0 _aHarper Lee
264 1 _aNew York :
_bViking ,
_c2009
300 _a253 pages ;
_c18 cm
336 _2rdacontent
_atext
337 _2rdamedia
_aunmediated
338 _2rdacarrier
_avolume
650 1 0 _aLee, Harper
942 _ddc
_cB
999 _c106177
_d106177